000 00408nam a2200169 a 4500
001 0000-9159
003 ELIB.Books
008 110520 1960
035 _a(ELIB.Books)0000-9311
082 _aB
_bAik
100 _aAikawa, Takaaki
245 _aUnwilling Patriot
260 _bJapan: The Judson Press
_c1960
650 _aBiography
942 _2ddc
_cBK
998 _cbat
_e2011-05-20
999 _c9159
_d9159